Loading...
| Literature - American | 0 | 3 | 0 | 0 | 30 | 87 | 103.67 | 0 | 0 | 5.00 | 13.90 |
| Literature - European | 0 | 2 | 0 | 0 | 20 | 56 | 71.00 | 0 | 0 | 6.38 | 11.36 |
| Current Events | 0 | 2 | 0 | 1 | 20 | 89 | 99.00 | 0 | 0 | 2.97 | 14.58 |
| Science - Physics | 0 | 2 | 1 | 0 | 15 | 27 | 33.50 | 1 | 2 | 12.61 | 14.88 |
| Literature - World | 0 | 2 | 1 | 0 | 15 | 81 | 83.50 | 0 | 0 | 5.84 | 8.64 |
| Social Science | 0 | 1 | 0 | 0 | 10 | 49 | 49.00 | 0 | 0 | 6.61 | 6.25 |
| Fine Arts - Classical Music | 0 | 1 | 0 | 1 | 10 | 52 | 52.00 | 0 | 0 | 5.45 | 6.36 |
| Fine Arts - Painting and Sculpture | 0 | 2 | 2 | 0 | 10 | 51 | 74.50 | 1 | 1 | 7.17 | 11.82 |
| Geography | 0 | 1 | 0 | 0 | 10 | 77 | 77.00 | 0 | 0 | 3.96 | 9.72 |
| Mythology | 0 | 1 | 0 | 0 | 10 | 67 | 67.00 | 1 | 1 | 3.79 | 8.26 |
| Science - Other | 0 | 1 | 0 | 0 | 10 | 17 | 17.00 | 1 | 1 | 7.66 | 9.09 |
| Religion | 0 | 1 | 1 | 0 | 5 | 98 | 98.00 | 0 | 0 | 1.67 | 2.73 |
| History - American | 0 | 1 | 1 | 1 | 5 | 121 | 121.00 | 0 | 0 | 0.00 | 0.76 |
| Philosophy | 0 | 1 | 1 | 0 | 5 | 34 | 34.00 | 0 | 0 | 8.29 | 8.33 |
| Literature - British | 0 | 1 | 1 | 0 | 5 | 41 | 41.00 | 0 | 1 | 6.13 | 8.33 |
| Fine Arts - Other | 0 | 1 | 2 | 0 | 0 | 17 | 17.00 | 1 | 1 | 7.59 | 9.09 |
| History - Other | 0 | 0 | 0 | 0 | 0 | 0.00 | 0 | 0 | 0.00 | 0.00 | |
| History - World | 0 | 0 | 1 | 0 | -5 | 0.00 | 0 | 0 | 0.00 | 0.00 |